000
00256nam a22000977a 4500
008
230607b |||||||| |||| 00| 0 eng d
020
_a
9780063316614
100
_a
ROBINSON JOSHUA
_9
7681
245
_a
MESSI VS RONALDO
260
_a
NEW DELHI
_b
MARINER BOOKS
_c
2022
999
_c
12313
_d
12313